Statistics for Random 'Top and Tail' Word Quiz - F

Click here to take the quiz!

General Stats

  • This quiz has been taken 75 times
  • The average score is 5 of 10

Answer Stats

HintLettersAnswer% Correct
Soft threads in the form of small, light balls or lumps5Fluff
82%
Resistant to flames and heat9Fireproof
81%
Piece of land held under the feudal system4Fief
68%
Method of starting a game of ice hockey (has hyphen)7Face-off
61%
Something that cannot go wrong9Foolproof
61%
Waste time on an unproductive activity4Faff
53%
Town in north central Arizona9Flagstaff
50%
Substance suitable for consumption9Foodstuff
45%
Comic character in four Shakespeare plays8Falstaff
41%
Rugby player position (has hyphen)7Fly-half
23%
Sextant predecessor used to measure elevation of heavenly bodies9Forestaff
6%
Blank page with nothing on it at the front of a book7Flyleaf
5%

Score Distribution

Percentile by Number Answered

Percent of People with Each Score

Your Score History

You have not taken this quiz